Sprievodca zootechnika /

Hlavní autor: Pindúr, Juraj
Jazyk: Slovenština
Vydáno: Bratislava : Slovenské vydavateľstvo pôdohospodárskej literatúry, 1965
Vydání: 1. vyd.
Edice: Organizátor živočíšnej veľkovýroby
Fyzický popis: 345 s.
Knihy
Uloženo v:
LEADER 00782nam a22002412a 4500
001 000952846
003 CZ BrMZK
005 20091020092841.0
007 ta
008 090703s1965 xo er|||||||||||slo d
040 |a BOA001  |b cze 
100 1 |a Pindúr, Juraj  |7 jx20080110047  |4 aut 
245 1 0 |a Sprievodca zootechnika /  |c Juraj Pinďúr 
250 |a 1. vyd. 
260 |a Bratislava :  |b Slovenské vydavateľstvo pôdohospodárskej literatúry,  |c 1965 
300 |a 345 s. 
490 1 |a Organizátor živočíšnej veľkovýroby 
504 |a Obsahuje bibliografii 
830 0 |a Organizátor živočíšnej veľkovýroby 
910 |a BOA001  |b 1-0535.866 
990 |a BK 
991 |b 200907 
996 7 |b 2619458331  |c 1-0535.866  |l MZK  |r Sklad / do 1 hodiny  |n 0  |w 001084714  |u 000010  |a 1  |e BOA001  |j MZK50  |s A